000 00328nam a2200133Ia 4500
008 240624s9999 xx 000 0 und d
041 _aeng
082 _a659.1 AHM
100 _aAHMED AJAZ
245 _aVELOCITY THE SEVEN NEW LAWS FOR A WORLD
260 _c2012
_aNew Delhi
_bVermilion
300 _a272 : p.
365 _cRS
_b25
999 _c19281
_d19281